Più grandi città della Puglia - Statistics

Statistiche generali
  • Questo quiz è stato fatto 468 volte
  • Il punteggio medio è 8 su 10
Statistiche sulle risposte
Popolazione Città % Corretto
326.344 ⭐️ Bari
100%
94.773 ⭐️ Lecce
99%
201.100 ⭐️ Taranto
97%
151.991 ⭐️ Foggia
96%
88.302 ⭐️ Brindisi
95%
94.814 ⭐️ Barletta
92%
100.440 ⭐️ Andria
88%
70.396 Altamura
58%
58.396 Cerignola
43%
59.874 Molfetta
40%
Nessun quiz corrispondente trovato
Distribuzione punteggi
Percentuale di utenti per punteggio
Percentile per numero di risposta
I tuoi punteggi nel tempo
Non hai fatto questo quiz